| 000 | 00792nam a2200253Ia 4500 | ||
|---|---|---|---|
| 003 | OSt | ||
| 005 | 20220927110657.0 | ||
| 006 | a|||||r|||| 00| 0 | ||
| 007 | ta | ||
| 008 | 220926b |||||||| |||| 00| 0 eng d | ||
| 024 | _a130610 | ||
| 037 | _cReports | ||
| 040 |
_aRTL _cRTL _beng |
||
| 041 |
_2eng _aeng |
||
| 082 | _a"T2:2.235.N32t, G2" | ||
| 110 |
_a"India, Government Of .... Education (M/O-)" _9379744 |
||
| 245 | 0 | _aReprot on the use of the mothertongue as the mediu | |
| 260 |
_aDelhi _bMnager Or Publication India _c1932 |
||
| 490 | _aIts Occasional Reports . 16 | ||
| 650 | _aSecondary Education | ||
| 700 |
_a"India, Government Of .... Education (M/O-)" _9379745 |
||
| 942 |
_h"T2:2.235.N32t, G2" _cCC |
||
| 999 |
_c697614 _d697614 |
||